Di kedai kasut

Bibliographic Details
Main Author: Halimah Badioze Zaman
Other Authors: Ibrahim Mohd. Said (illustrasi)
Format: Book
Published: Kuala Lumpur : Dewan Bahasa Dan Pustaka , 19--
Series:Program Bacaan Awal (BAWAL) Tahap 1
Subjects:

MARC

LEADER 00000cam a2200000 7i4500
001 0000007177
002 000007721
005 20070110.0
020 |a 9836223290 
090 0 0 |a JF   |b PRO 
100 0 |a Halimah Badioze Zaman 
245 1 0 |a Di kedai kasut   |c Halimah Badioze Zaman ; illustrasi oleh Ibrahim Mohd. Said 
260 |a Kuala Lumpur :   |b Dewan Bahasa Dan Pustaka ,   |c 19-- 
300 |a 20 p. :   |b ill. ;   |c 19 cm. 
490 0 |a Program Bacaan Awal (BAWAL) Tahap 1 
650 0 0 |a Children's stories, Malay 
700 1 |a Ibrahim Mohd. Said ,   |e illustrasi 
999 |a 025715   |b BUKU   |c PINJAMAN   |e PERPUSTAKAAN KOMUNITI PETALING JAYA